[Event "Weekend A"]
[Site "Monza ITA"]
[Date "2001.03.25"]
[Round "5"]
[White "Lamola, Giuseppe"]
[Black "Zacco, Remo"]
[Result "1-0"]
[WhiteElo "1774"]
[BlackElo "1806"]
[PlyCount "73"]
[EventDate "2001.03.17"]

1. Nf3 Nf6 2. g3 g6 3. b4 Bg7 4. Bb2 c6 5. c4 d6 6. Bg2 Qb6 7. Qb3 a5 8. b5 a4
9. Qc2 cxb5 10. cxb5 Bf5 11. d3 O-O 12. O-O Rc8 13. Qd2 Qxb5 14. Nd4 Qd7 15.
Nxf5 gxf5 16. Na3 Ra6 17. Rfc1 d5 18. Rxc8+ Qxc8 19. Nb5 Qd7 20. Qf4 Nc6 21.
Rc1 Rb6 22. Qxa4 Ra6 23. Qb3 e6 24. a4 Na5 25. Qb4 Nc6 26. Qh4 Qd8 27. Ba3 Ra8
28. h3 Qa5 29. Bb2 Ne8 30. Bxg7 Nxg7 31. Ra1 Qd2 32. e4 Qxd3 33. exd5 exd5 34.
Qf6 Rd8 35. Nd6 Rd7 36. Re1 Nd4 37. Kh1 1-0

[Event "Weekend A"]
[Site "Monza ITA"]
[Date "2001.03.25"]
[Round "5"]
[White "Mazzariol, Oscar"]
[Black "Whisstock, David"]
[Result "0-1"]
[WhiteElo "1774"]
[BlackElo "1923"]
[PlyCount "104"]
[EventDate "2001.03.17"]

1. e4 e6 2. d4 d5 3. e5 c5 4. c3 Nc6 5. Nf3 Bd7 6. Be2 Rc8 7. dxc5 Bxc5 8. Nbd2
Qc7 9. Nb3 Bb6 10. Bf4 Nge7 11. Qd2 Ng6 12. Bg3 O-O 13. Bb5 Rfd8 14. Bxc6 Bxc6
15. Nbd4 Bd7 16. O-O Qb8 17. Rfe1 Bc7 18. h4 Re8 19. h5 Ne7 20. Nh2 Nf5 21.
Nxf5 exf5 22. Qxd5 Bc6 23. Qd4 Be4 24. Qe3 Rcd8 25. h6 Re6 26. hxg7 Rd3 27. Qe2
Rxg3 28. fxg3 Bxe5 29. Nf3 Bxg3 30. Ng5 Bh2+ 31. Kf1 Qf4+ 32. Nf3 Bc6 33. Qd3
Rd6 34. Qe2 a6 35. b3 Be4 36. Rad1 Rg6 37. Qe3 Qg4 38. Rd8+ Kxg7 39. Qd4+ Kh6
40. Qd2+ Bf4 41. Qf2 Bg3 42. Qd2+ Kh5 43. Rxe4 fxe4 44. Rd5+ f5 45. Nd4 Bf4 46.
Qc2 Rg5 47. Qe2 Qxe2+ 48. Nxe2 Kg4 49. Rd7 Be5 50. Rxh7 f4 51. Rxb7 f3 52.
gxf3+ Kxf3 0-1

[Event "Weekend A"]
[Site "Monza ITA"]
[Date "2001.03.25"]
[Round "5"]
[White "Olivo, Mario"]
[Black "Golia, Franco"]
[Result "1-0"]
[WhiteElo "1741"]
[BlackElo "1768"]
[PlyCount "94"]
[EventDate "2001.03.17"]

1. d4 Nf6 2. Nf3 g6 3. c4 d5 4. cxd5 Nxd5 5. e4 Nb6 6. Nc3 Bg7 7. Bf4 c6 8. Qd2
h6 9. Be5 O-O 10. Bxg7 Kxg7 11. h4 h5 12. O-O-O N8d7 13. e5 e6 14. Ne4 Qe7 15.
Nd6 c5 16. g4 hxg4 17. h5 g5 18. Nxg5 cxd4 19. h6+ Kh8 20. Ngxf7+ Rxf7 21.
Nxf7+ Qxf7 22. Qxd4 Nd5 23. Bc4 N7b6 24. Bxd5 Nxd5 25. Qxg4 Qc7+ 26. Kb1 Qxe5
27. Rhg1 Bd7 28. h7 Qf5+ 29. Qxf5 exf5 30. Rxd5 Bc6 31. Rg8+ Rxg8 32. hxg8=Q+
Kxg8 33. Re5 Kg7 34. Kc2 Kg6 35. Kd2 Kf6 36. Rc5 Kg5 37. Ke3 Be4 38. Re5 Bc6
39. b4 a6 40. Rc5 Kg4 41. Rc4+ Kg5 42. f4+ Kg4 43. Rc1 Kg3 44. Rg1+ Bg2 45. a4
b5 46. axb5 axb5 47. Rc1 Kg4 1-0

[Event "Weekend A"]
[Site "Monza ITA"]
[Date "2001.03.25"]
[Round "5"]
[White "Troiani, Mauro"]
[Black "Robbio, Pietro"]
[Result "1/2-1/2"]
[WhiteElo "2030"]
[BlackElo "1705"]
[PlyCount "102"]
[EventDate "2001.03.17"]

1. d4 Nf6 2. c4 e6 3. Nc3 Bb4 4. e3 c5 5. Bd3 Nc6 6. Nge2 d5 7. cxd5 Nxd5 8.
O-O cxd4 9. exd4 O-O 10. Qb3 Be7 11. a3 Qb6 12. Qxb6 Nxb6 13. Be3 Bd7 14. Rfd1
Rac8 15. b4 Rfd8 16. Ne4 Nd5 17. Bg5 Bxg5 18. Nxg5 Nf6 19. Ne4 Nd5 20. Nc5 Rc7
21. Rac1 Nb8 22. Nxd7 Rdxd7 23. Bb5 Rxc1 24. Rxc1 Rc7 25. Rxc7 Nxc7 26. Bc4 Nd7
27. f3 Nf6 28. Nc3 Kf8 29. Kf2 Ke7 30. Ke3 b6 31. Kf4 h6 32. h4 Nfe8 33. g4 Nd6
34. Bd3 Nde8 35. Ke3 Nf6 36. Be4 Nfe8 37. f4 Nd6 38. Bd3 f6 39. a4 Nde8 40. Bc2
Nd6 41. Bb3 Nde8 42. g5 hxg5 43. hxg5 fxg5 44. fxg5 Nd6 45. Kf4 Kd7 46. d5 exd5
47. Nxd5 Nxd5+ 48. Bxd5 Nc8 49. Ke5 Ke7 50. Kf5 Nd6+ 51. Kg6 Kf8 1/2-1/2

[Event "Weekend A"]
[Site "Monza ITA"]
[Date "2001.03.25"]
[Round "6"]
[White "Miatello, Alberto"]
[Black "Troiani, Mauro"]
[Result "1-0"]
[WhiteElo "1869"]
[BlackElo "2030"]
[PlyCount "59"]
[EventDate "2001.03.17"]

1. e4 c5 2. Nf3 d6 3. d4 cxd4 4. Nxd4 Nf6 5. Nc3 g6 6. Be3 Bg7 7. f3 O-O 8. Qd2
Nc6 9. g4 Be6 10. O-O-O Ne5 11. h4 h5 12. gxh5 Nxh5 13. Rg1 Kh7 14. f4 Nc4 15.
Bxc4 Bxc4 16. f5 Rc8 17. Qg2 Qe8 18. Nde2 Bxe2 19. Nxe2 Rg8 20. fxg6+ fxg6 21.
Nd4 Bf6 22. Kb1 a6 23. Bg5 Qd7 24. Bxf6 Nxf6 25. Rd3 Nh5 26. Qg5 e6 27. Nf3 Qc6
28. Rc3 Qxe4 29. Qe7+ Kh8 30. Ng5 1-0

[Event "Weekend A"]
[Site "Monza ITA"]
[Date "2001.03.25"]
[Round "6"]
[White "Olivo, Mario"]
[Black "Bonazzi, Edoardo"]
[Result "1/2-1/2"]
[WhiteElo "1741"]
[BlackElo "2095"]
[PlyCount "52"]
[EventDate "2001.03.17"]

1. d4 Nf6 2. Nf3 d5 3. c4 e6 4. Bg5 Be7 5. Nc3 h6 6. Bh4 O-O 7. e3 Ne4 8. Bxe7
Qxe7 9. cxd5 Nxc3 10. bxc3 exd5 11. c4 dxc4 12. Bxc4 b6 13. O-O Bb7 14. Qe2 Nd7
15. Rad1 Nf6 16. Ne5 Ne4 17. Qb2 Nd6 18. Bb3 Rfe8 19. f4 Rac8 20. Rfe1 Kh7 21.
d5 f6 22. Bc2+ Kg8 23. Ng6 Qd7 24. e4 Nf7 25. Qa3 Qd6 26. Qc3 Qd7 1/2-1/2

[Event "Weekend A"]
[Site "Monza ITA"]
[Date "2001.03.25"]
[Round "6"]
[White "Robbio, Pietro"]
[Black "Frontali, Jacopo"]
[Result "1/2-1/2"]
[WhiteElo "1705"]
[BlackElo "1720"]
[PlyCount "69"]
[EventDate "2001.03.17"]

1. e4 c5 2. Nf3 e6 3. d4 cxd4 4. Nxd4 Nf6 5. Bd3 d6 6. Be3 Be7 7. O-O Nc6 8.
Nc3 a6 9. a3 O-O 10. f4 Qc7 11. Nb3 Bd7 12. Qf3 b5 13. Qh3 b4 14. Ne2 bxa3 15.
bxa3 g6 16. Nd2 Rfd8 17. Nc4 Rdb8 18. Nd2 Bf8 19. Nf3 Bg7 20. Ng5 h6 21. Nf3
Kh7 22. f5 exf5 23. exf5 Nd5 24. Bd2 Rh8 25. Rab1 Nce7 26. fxg6+ fxg6 27. Qg3
Bf5 28. Nf4 Nxf4 29. Bxf4 Qc5+ 30. Kh1 Bxd3 31. cxd3 Nf5 32. Qe1 Qxa3 33. Qd1
Rhe8 34. Rb3 Qc5 35. Qb1 1/2-1/2

[Event "Weekend A"]
[Site "Monza ITA"]
[Date "2001.03.25"]
[Round "6"]
[White "Whisstock, David"]
[Black "Lamola, Giuseppe"]
[Result "0-1"]
[WhiteElo "1923"]
[BlackElo "1774"]
[PlyCount "68"]
[EventDate "2001.03.17"]

1. c4 e5 2. Nc3 f5 3. d3 Nf6 4. Nf3 d6 5. e3 Be7 6. Be2 O-O 7. O-O c6 8. Bd2
Na6 9. Rc1 Nc7 10. Qb3 Kh8 11. Rfd1 Ne6 12. Be1 f4 13. e4 c5 14. Nd5 g5 15. Bc3
g4 16. Nxe5 dxe5 17. Bxe5 Nd4 18. Bxd4 cxd4 19. e5 Nxd5 20. cxd5 f3 21. Bf1
fxg2 22. Bxg2 Bh4 23. Rf1 Qg5 24. Rce1 Qd2 25. Rd1 Bxf2+ 26. Kh1 Qh6 27. e6 g3
28. h3 b6 29. Qb4 Bb7 30. Rxf2 gxf2 31. Qxd4+ Qf6 32. Qe4 Rg8 33. Qe3 Rxg2 34.
Kxg2 Rg8+ 0-1

[Event "Weekend A"]
[Site "Monza ITA"]
[Date "2001.03.25"]
[Round "6"]
[White "Zacco, Remo"]
[Black "Giuberchio, Cesare"]
[Result "1-0"]
[WhiteElo "1806"]
[BlackElo "1801"]
[PlyCount "75"]
[EventDate "2001.03.17"]

1. e4 e5 2. Nf3 Nc6 3. d4 exd4 4. Bc4 Nf6 5. e5 d5 6. Bb5 Ne4 7. Nxd4 Bc5 8.
Be3 Bd7 9. Bxc6 bxc6 10. O-O O-O 11. f3 Ng5 12. f4 Ne4 13. Nd2 Nxd2 14. Qxd2
Bb6 15. a4 a5 16. Qe2 Qe7 17. b3 Rae8 18. Qd3 f6 19. Nf3 Bf5 20. Qd2 Be4 21.
Bxb6 cxb6 22. exf6 Rxf6 23. Rac1 Qc5+ 24. Nd4 Ref8 25. c3 Qd6 26. g3 Qd7 27.
Nf3 Qf5 28. Ne5 h5 29. h4 Rd8 30. Kh2 Bc2 31. Ra1 Bxb3 32. Rfb1 Bxa4 33. Rxb6
Qe4 34. Ra6 Bb5 35. R6xa5 Rfd6 36. Ra7 Rf6 37. Rc7 Rff8 38. Raa7 1-0

[Event "IV Weekend Primavera"]
[Site "Genova ITA"]
[Date "2001.03.18"]
[Round "5"]
[White "Di Paolo, Raffaele"]
[Black "Vismara, Daniele"]
[Result "1-0"]
[WhiteElo "2299"]
[BlackElo "2231"]
[PlyCount "91"]
[EventDate "2001.03.16"]

1. e4 c5 2. Nf3 d6 3. d4 cxd4 4. Nxd4 Nf6 5. Nc3 a6 6. Bc4 e6 7. Bb3 Nbd7 8.
O-O Nc5 9. Qf3 Qc7 10. Re1 Be7 11. Qg3 O-O 12. Bh6 Ne8 13. Rad1 Nxb3 14. axb3
b5 15. b4 Bb7 16. Re3 Qc4 17. Nb3 Qc7 18. Red3 Rc8 19. e5 d5 20. Rd4 f6 21. Bf4
Qd8 22. h4 Rc4 23. Na5 Rxd4 24. Rxd4 Ba8 25. Nb3 Rf7 26. h5 fxe5 27. Bxe5 Nd6
28. Rg4 Nf5 29. Qd3 Qf8 30. Nd4 Bxb4 31. Nxe6 Qe7 32. Ng5 Rf8 33. Nxd5 Qxe5 34.
Nxb4 Qxb2 35. c3 Qb3 36. Rf4 h6 37. Rxf5 Rxf5 38. Qxf5 Qd1+ 39. Kh2 Qxh5+ 40.
Qh3 Qxg5 41. Qc8+ Kh7 42. Qxa8 Qf4+ 43. g3 Qxf2+ 44. Qg2 Qxg2+ 45. Kxg2 a5 46.
Nc2 {...} 1-0

[Event "XXXIII C.to Italiano a squadre A1 Nord"]
[Site "ITA"]
[Date "2001.02.25"]
[Round "1"]
[White "Belotti, Bruno"]
[Black "Rossi, Carlo"]
[Result "1/2-1/2"]
[WhiteElo "2440"]
[BlackElo "2418"]
[PlyCount "22"]
[EventDate "2001.02.25"]

1. e4 Nc6 2. Nc3 g6 3. d4 Bg7 4. Be3 d6 5. Qd2 e5 6. Nge2 Nf6 7. f3 O-O 8.
O-O-O a6 9. h4 exd4 10. Nxd4 Nxd4 11. Bxd4 11... Be6 {...} 1/2-1/2

[Event "XXXIII C.to Italiano a squadre A1 Nord"]
[Site "ITA"]
[Date "2001.02.25"]
[Round "1"]
[White "Ceschia, Ivano"]
[Black "Borgo, Giulio"]
[Result "0-1"]
[WhiteElo "2367"]
[BlackElo "2408"]
[PlyCount "78"]
[EventDate "2001.02.25"]

1. e4 c5 2. Nf3 e6 3. c3 Nf6 4. e5 Nd5 5. d4 cxd4 6. cxd4 d6 7. Nc3 Nxc3 8.
bxc3 Qc7 9. Bb2 Nd7 10. exd6 Bxd6 11. Bd3 Ba3 12. Qb3 Bxb2 13. Qxb2 O-O 14. O-O
b6 15. Qe2 Bb7 16. c4 Qf4 17. Qe3 Qg4 18. h3 Qh5 19. Nd2 e5 20. d5 f5 21. f4
Qh6 22. Bc2 exf4 23. Rxf4 Nc5 24. Qf2 g6 25. Re1 Qg7 26. Rf3 Rae8 27. Rfe3 Rxe3
28. Qxe3 Qb2 29. Bb3 f4 30. Qe2 Bc8 31. Nf3 Qxe2 32. Rxe2 Bd7 33. Nd4 Re8 34.
Rxe8+ Bxe8 35. Kf2 Kg7 36. Kf3 g5 37. Nf5+ Kf6 38. Nd6 Bh5+ 39. Kf2 a5 0-1

[Event "XXXIII C.to Italiano a squadre A1 Nord"]
[Site "ITA"]
[Date "2001.02.25"]
[Round "1"]
[White "Tratar, Marko"]
[Black "Ortega, Lexy"]
[Result "1/2-1/2"]
[WhiteElo "2435"]
[BlackElo "2472"]
[PlyCount "28"]
[EventDate "2001.02.25"]

1. Nf3 d5 2. d4 c6 3. c4 dxc4 4. e3 b5 5. a4 e6 6. axb5 cxb5 7. b3 Bb4+ 8. Bd2
Bxd2+ 9. Nbxd2 a5 10. bxc4 b4 11. Ne5 Nf6 12. Qa4+ Bd7 13. Nxd7 Nbxd7 14. Be2
14... O-O {...} 1/2-1/2

[Event "VI Open A Carnevale"]
[Site "Viareggio ITA"]
[Date "2001.02.??"]
[Round "1"]
[White "Abuhamdieh, Arafat"]
[Black "Lahiri, Atanu"]
[Result "0-1"]
[WhiteElo "1543"]
[BlackElo "2394"]
[PlyCount "98"]
[EventDate "2001.02.16"]

1. e4 e6 2. d4 d5 3. exd5 exd5 4. Nf3 Bd6 5. Be2 Ne7 6. O-O Nbc6 7. Re1 Bf5 8.
c3 Qd7 9. b4 f6 10. Bd3 Bg4 11. Nbd2 O-O 12. Qc2 Bf5 13. Nf1 Rae8 14. Bxf5 Qxf5
15. Qb3 Ng6 16. Ne3 Qd7 17. Qxd5+ Kh8 18. Qb5 Qc8 19. Bb2 a6 20. Qf1 Nf4 21.
Nc4 g6 22. Nxd6 cxd6 23. Kh1 d5 24. h3 Qf5 25. Rad1 Nxh3 26. gxh3 Qxf3+ 27. Qg2
Qf5 28. f3 b6 29. a4 b5 30. axb5 axb5 31. Bc1 Ne7 32. Rg1 g5 33. h4 Ng6 34.
hxg5 fxg5 35. Rdf1 Nh4 36. Qh2 Re6 37. f4 Qe4+ 38. Rg2 Nxg2 39. Qxg2 gxf4 40.
Kh2 Qxg2+ 41. Kxg2 Rg6+ 42. Kf2 f3 43. Rh1 Kg7 44. Rh5 Ra6 45. Be3 Rff6 46.
Rxd5 Ra2+ 47. Kf1 f2 48. Bxf2 Rfxf2+ 49. Ke1 Rh2 0-1

[Event "VI Open A Carnevale"]
[Site "Viareggio ITA"]
[Date "2001.02.??"]
[Round "1"]
[White "Aleksic, Nenad"]
[Black "Pieraccini, Carlo Alberto"]
[Result "1-0"]
[WhiteElo "2417"]
[BlackElo "1736"]
[PlyCount "60"]
[EventDate "2001.02.16"]

1. e4 c6 2. d4 d5 3. Nc3 dxe4 4. Nxe4 Bf5 5. Ng3 Bg6 6. Nf3 e6 7. h4 h6 8. Ne5
Bxc2 9. Qxc2 Qxd4 10. Nf3 Qb6 11. Be3 Bb4+ 12. Nd2 Qa5 13. Be2 Nf6 14. Bf3 Nbd7
15. O-O Ne5 16. Nge4 O-O-O 17. a3 Bxd2 18. Nxd2 Nfg4 19. Bf4 g5 20. b4 Nxf3+
21. Nxf3 Qb5 22. Bg3 f5 23. Rfd1 f4 24. Bh2 Rhg8 25. Qe4 Rde8 26. Rac1 Nf6 27.
Qd4 e5 28. Qxa7 g4 29. Nd4 exd4 30. Bxf4 Nd7 1-0

[Event "VI Open A Carnevale"]
[Site "Viareggio ITA"]
[Date "2001.02.??"]
[Round "1"]
[White "Bardi, Massimo"]
[Black "Colovic, Aleksandar"]
[Result "0-1"]
[WhiteElo "1761"]
[BlackElo "2421"]
[PlyCount "48"]
[EventDate "2001.02.16"]

1. e4 c5 2. Nf3 d6 3. g3 Nc6 4. Bg2 g6 5. d3 Bg7 6. O-O e5 7. Nbd2 Nge7 8. Re1
O-O 9. Nf1 h6 10. c3 Be6 11. Be3 f5 12. Qd2 g5 13. Bxg5 hxg5 14. Nxg5 Bd7 15.
exf5 Bxf5 16. Ne3 Bh6 17. Nxf5 Rxf5 18. h4 Bxg5 19. hxg5 Ng6 20. f4 exf4 21.
Re6 Qxg5 22. Qe2 Nce5 23. g4 f3 24. Qe4 Nxg4 0-1

[Event "VI Open A Carnevale"]
[Site "Viareggio ITA"]
[Date "2001.02.??"]
[Round "1"]
[White "Bonani, Georg"]
[Black "Efimov, Igor"]
[Result "1/2-1/2"]
[WhiteElo "1791"]
[BlackElo "2480"]
[PlyCount "150"]
[EventDate "2001.02.16"]

1. e4 c5 2. Nf3 Nc6 3. d4 cxd4 4. Nxd4 Qb6 5. Nb3 Nf6 6. Nc3 e6 7. Bd3 a6 8.
Be3 Qc7 9. O-O d6 10. f4 Be7 11. Kh1 b5 12. Qe2 Bb7 13. a3 O-O 14. Rad1 Rfe8
15. Nd2 Rad8 16. h3 g6 17. Qf2 Qb8 18. Nf3 b4 19. axb4 Nxb4 20. f5 Nxd3 21.
cxd3 exf5 22. exf5 Qc8 23. Nd4 Qd7 24. Kh2 d5 25. fxg6 fxg6 26. Bh6 Bd6+ 27.
Kh1 Nh5 28. Nce2 Rc8 29. g4 Ng7 30. Nf4 Be5 31. Rde1 Qd6 32. Rxe5 Qxe5 33. Nfe6
Nf5 34. gxf5 Re7 35. f6 Rf7 36. Ng5 Re8 37. Nxf7 Kxf7 38. Bf4 Qh5 39. Kh2 Bc8
40. Qf3 Qxf3 41. Rxf3 Kxf6 42. Bd6+ Bf5 43. Nxf5 Re2+ 44. Kg3 gxf5 45. b4 Ra2
46. Bc5 Kg5 47. h4+ Kg6 48. h5+ Kf6 49. Bd4+ Kg5 50. h6 Ra3 51. Bg7 a5 52. bxa5
Rxa5 53. d4 Ra2 54. Be5 Kxh6 55. Rxf5 Kg6 56. Rf6+ Kg5 57. Rd6 Ra5 58. Rc6 Kf5
59. Rh6 Ra7 60. Kf2 Re7 61. Ke3 Ra7 62. Kd2 Re7 63. Kc3 Rb7 64. Rd6 Rb5 65. Rd7
h5 66. Rh7 Kg4 67. Rg7+ Kf5 68. Rc7 Rb1 69. Rc5 Ke4 70. Kd2 h4 71. Rc7 h3 72.
Rh7 Rb3 73. Ke2 Kf5 74. Kf2 Kg4 75. Rg7+ Kh4 1/2-1/2

[Event "VI Open A Carnevale"]
[Site "Viareggio ITA"]
[Date "2001.02.??"]
[Round "1"]
[White "Caleffi, Cesare"]
[Black "Picard, Romain"]
[Result "1/2-1/2"]
[WhiteElo "1669"]
[BlackElo "2213"]
[PlyCount "88"]
[EventDate "2001.02.16"]

1. c4 Nf6 2. Nc3 g6 3. Nf3 Bg7 4. g3 O-O 5. Bg2 d6 6. d4 Nc6 7. O-O a6 8. Bf4
Rb8 9. Qd2 Re8 10. Rad1 b5 11. cxb5 axb5 12. a3 b4 13. axb4 Nxb4 14. Ra1 Ba6
15. Ra4 Bc8 16. e4 Bd7 17. Ra3 Qc8 18. d5 c5 19. Re1 Nh5 20. Bg5 Qb7 21. Rea1
Ra8 22. Rxa8 Rxa8 23. Rxa8+ Qxa8 24. Bxe7 Qa1+ 25. Ne1 Nc2 26. Nd1 Nxe1 27.
Qxe1 Bxb2 28. Bxd6 Bg4 29. f3 Bd4+ 30. Kh1 Bd7 31. Bf1 Ba4 32. Be2 Bc2 33. Qd2
Qb1 34. Kg2 Kg7 35. Ne3 Bxe4 36. fxe4 Qxe4+ 37. Bf3 Qxe3 38. Qxe3 Bxe3 39. Be7
f5 40. d6 Nf6 41. Bc6 Kf7 42. Kf3 Bd4 43. Bb7 Ke6 44. h3 44... g5 {...}
1/2-1/2

[Event "VI Open A Carnevale"]
[Site "Viareggio ITA"]
[Date "2001.02.??"]
[Round "1"]
[White "Caposciutti, Maurizio"]
[Black "Casarosa, Michele"]
[Result "1/2-1/2"]
[WhiteElo "2355"]
[BlackElo "1732"]
[PlyCount "113"]
[EventDate "2001.02.16"]

1. Nf3 Nf6 2. c4 g6 3. b3 Bg7 4. Bb2 c5 5. g3 O-O 6. Bg2 Nc6 7. O-O d5 8. cxd5
Nxd5 9. Bxg7 Kxg7 10. Qc1 b6 11. d4 Nxd4 12. Nxd4 cxd4 13. Qc4 Bb7 14. Qxd4+
Kg8 15. Rd1 e6 16. Nd2 Qe7 17. Nc4 Rfd8 18. Qe5 Nb4 19. Bxb7 Qxb7 20. Nd6 Qd7
21. Ne4 Qxd1+ 22. Rxd1 Rxd1+ 23. Kg2 Nd5 24. h4 h5 25. Ng5 Re8 26. e4 f6 27.
Qb2 fxg5 28. exd5 Rxd5 29. Qf6 gxh4 30. Qxg6+ Kf8 31. Qf6+ Kg8 32. Qxh4 Rf5 33.
Qe4 Re7 34. a4 Ref7 35. f4 h4 36. Qxe6 hxg3 37. Qg6+ Kf8 38. Qd6+ Kg8 39. Kxg3
Kg7 40. Qd8 R7f6 41. Qd7+ Rf7 42. Qd4+ R7f6 43. Qd7+ Rf7 44. Qd8 Rf8 45. Qh4
R8f6 46. b4 Kf8 47. Qh8+ Kf7 48. Qh7+ Ke6 49. Qxa7 Rxf4 50. Qxb6+ Ke5 51. Qc5+
Ke4 52. Qc4+ Ke5 53. Qc3+ Ke4 54. Qc2+ Ke3 55. a5 Rf3+ 56. Kg4 R6f4+ 57. Kg5
1/2-1/2

[Event "VI Open A Carnevale"]
[Site "Viareggio ITA"]
[Date "2001.02.??"]
[Round "1"]
[White "De Meo, Guido"]
[Black "Pastorini, Mario"]
[Result "0-1"]
[WhiteElo "1609"]
[BlackElo "2160"]
[PlyCount "138"]
[EventDate "2001.02.16"]

1. Nf3 c5 2. c4 Nc6 3. Nc3 g6 4. d4 cxd4 5. Nxd4 Bg7 6. Nxc6 bxc6 7. g3 Nf6 8.
Bg2 O-O 9. O-O Rb8 10. Rb1 c5 11. Bf4 d6 12. Qc2 Bb7 13. e4 Nd7 14. Rbd1 Ne5
15. b3 Nc6 16. Nd5 Nd4 17. Qd2 a5 18. Be3 Bxd5 19. exd5 a4 20. Bxd4 Bxd4 21.
Rb1 axb3 22. axb3 Rb4 23. Be4 Qb6 24. Bc2 Ra8 25. Qd3 Qd8 26. Rbe1 Qf8 27. h4
h5 28. Re2 Ra7 29. Rfe1 Rbb7 30. Qf3 Qg7 31. Qf4 Qf6 32. Qxf6 Bxf6 33. Kg2 Bd4
34. Kf1 Kf8 35. Kg2 Ke8 36. f4 f5 37. Re6 Kf7 38. R6e2 Bf6 39. Kf3 Ke8 40. Re6
Kd8 41. R6e2 Kc7 42. Re6 Kb6 43. R6e2 Ka5 44. Bd1 Kb4 45. Bc2 Ra3 46. Kg2 Rba7
47. Kf1 Ra2 48. Rb1 R7a3 49. Ke1 Ra1 50. Rxa1 Rxa1+ 51. Kf2 Rh1 52. Kg2 Rc1 53.
Kf3 Kc3 54. Bd3 Kxd3 55. Re3+ Kc2 56. Re2+ Kc3 57. Re3+ Kd4 58. Re2 Rc3+ 59.
Kg2 Rxb3 60. Rc2 Rc3 61. Rd2+ Kxc4 62. Ra2 Kxd5 63. Rd2+ Ke4 64. Re2+ Re3 65.
Rd2 Bc3 66. Ra2 d5 67. Ra7 Re2+ 68. Kf1 Kf3 69. Ra3 Rc2 0-1

[Event "VI Open A Carnevale"]
[Site "Viareggio ITA"]
[Date "2001.02.??"]
[Round "1"]
[White "Fercec, Nenad"]
[Black "Poletti, Fausto"]
[Result "1-0"]
[WhiteElo "2455"]
[BlackElo "1776"]
[PlyCount "66"]
[EventDate "2001.02.16"]

1. e4 c5 2. Nf3 Nc6 3. d4 cxd4 4. Nxd4 Nf6 5. Nc3 e5 6. Ndb5 d6 7. Bg5 a6 8.
Na3 b5 9. Bxf6 gxf6 10. Nd5 f5 11. c3 Bg7 12. exf5 Bxf5 13. Nc2 O-O 14. Nce3
Be6 15. Bd3 Ne7 16. Qh5 h6 17. Nxe7+ Qxe7 18. Be4 Rad8 19. Bd5 f5 20. Rd1 Kh8
21. Bxe6 Qxe6 22. Nd5 Rc8 23. Rd2 a5 24. O-O Rc6 25. Rdd1 Qf7 26. Qe2 Rb8 27.
a3 e4 28. f3 exf3 29. Qxf3 Qd7 30. Ne7 Qxe7 31. Qxc6 Qe3+ 32. Kh1 Be5 33. Rf3
Qe2 1-0

[Event "VI Open A Carnevale"]
[Site "Viareggio ITA"]
[Date "2001.02.??"]
[Round "1"]
[White "Frilli, Guido"]
[Black "Chilingirova, Pavlina"]
[Result "0-1"]
[WhiteElo "1702"]
[BlackElo "2236"]
[PlyCount "80"]
[EventDate "2001.02.16"]

1. e4 c5 2. Nc3 Nc6 3. g3 g6 4. Bg2 Bg7 5. d3 e6 6. f4 Nge7 7. Nf3 d6 8. Be3
Nd4 9. O-O Rb8 10. Qd2 f5 11. Nd1 O-O 12. c3 Nxf3+ 13. Bxf3 b6 14. Nf2 Bb7 15.
Rad1 d5 16. exd5 Nxd5 17. Bg2 Re8 18. Rfe1 Nxe3 19. Rxe3 Bxg2 20. Kxg2 Qd5+ 21.
Kg1 Qxa2 22. Rde1 Rb7 23. Nh3 h6 24. Nf2 Rbe7 25. R1e2 Qd5 26. Qe1 Qd6 27. Qa1
e5 28. Qa2+ Kh7 29. Qc4 exf4 30. Rxe7 Rxe7 31. Rxe7 Qxe7 32. Qxf4 b5 33. Qd2
Qe5 34. Nd1 h5 35. Kg2 a5 36. Qf2 a4 37. Qe3 b4 38. Qxe5 Bxe5 39. Kf3 a3 40.
bxa3 bxa3 0-1

[Event "VI Open A Carnevale"]
[Site "Viareggio ITA"]
[Date "2001.02.??"]
[Round "1"]
[White "Onesti, Luca"]
[Black "Ausmins, Elmar"]
[Result "0-1"]
[WhiteElo "1735"]
[BlackElo "2335"]
[PlyCount "40"]
[EventDate "2001.02.16"]

1. e4 c5 2. Nf3 d6 3. d4 cxd4 4. Nxd4 Nf6 5. Nc3 Nc6 6. Be3 e5 7. Nxc6 bxc6 8.
Be2 Be7 9. O-O O-O 10. f4 exf4 11. Rxf4 d5 12. exd5 cxd5 13. Bd4 Be6 14. Bd3
Rb8 15. Rb1 Rb4 16. Kh1 Ne4 17. Nxe4 Rxd4 18. Ng5 Rxf4 19. Bxh7+ Kh8 20. Qh5
Bxg5 0-1

[Event "VI Open A Carnevale"]
[Site "Viareggio ITA"]
[Date "2001.02.??"]
[Round "1"]
[White "Puliatti, Carlo"]
[Black "Corvi, Marco"]
[Result "0-1"]
[WhiteElo "1725"]
[BlackElo "2326"]
[PlyCount "90"]
[EventDate "2001.02.16"]

1. e4 c5 2. Nf3 e6 3. d4 cxd4 4. Nxd4 a6 5. Nc3 Qc7 6. g3 Nf6 7. Bg2 Be7 8. Be3
O-O 9. O-O Nc6 10. Nxc6 bxc6 11. f4 Rb8 12. e5 Nd5 13. Nxd5 cxd5 14. b3 a5 15.
Kh1 Ba6 16. Rf2 Bc5 17. Bxc5 Qxc5 18. Rd2 Qc3 19. Rd4 Rfc8 20. Rc1 Rb4 21. Rd2
g6 22. Rb1 a4 23. a3 Rbb8 24. Bf3 Qe3 25. Be2 Bb7 26. Bf3 Rc3 27. Rd3 Rxd3 28.
Qxd3 Qxd3 29. cxd3 Ba6 30. b4 Bxd3 31. Rc1 f6 32. Rc7 Bb5 33. exf6 Kf7 34. Bd1
Kxf6 35. Ra7 d4 36. Kg1 Rc8 37. Bxa4 Bxa4 38. Rxa4 Kf5 39. b5 Ke4 40. Kf2 Rc2+
41. Ke1 Ke3 42. Kd1 d3 43. b6 Rxh2 44. Kc1 Rh1+ 45. Kb2 d2 0-1

[Event "VI Open A Carnevale"]
[Site "Viareggio ITA"]
[Date "2001.02.??"]
[Round "1"]
[White "Riccio, Eros"]
[Black "Biggi, Andrea"]
[Result "0-1"]
[WhiteElo "2194"]
[BlackElo "1644"]
[PlyCount "80"]
[EventDate "2001.02.16"]

1. e4 g6 2. d4 Bg7 3. Nc3 c6 4. Nf3 d5 5. exd5 cxd5 6. Bb5+ Nc6 7. Ne5 Bd7 8.
Nxd7 Qxd7 9. O-O e6 10. Bg5 Nge7 11. Ne2 a6 12. Ba4 b5 13. Bb3 Nf5 14. c3 O-O
15. Nc1 b4 16. Nd3 bxc3 17. bxc3 Nd6 18. Nc5 Qc7 19. Bf4 Qe7 20. Qd3 a5 21. Ba4
Rfc8 22. Rab1 Nd8 23. Nd7 Nc4 24. Rfe1 Ra7 25. Nb6 Nxb6 26. Rxb6 Qa3 27. Bb3 a4
28. Bd6 Qb2 29. Qb5 h5 30. Bxa4 Qxc3 31. Bb4 Qxd4 32. Rd1 Qc4 33. Qe8+ Kh7 34.
Bb3 Qc7 35. Qb5 Rb7 36. Rxb7 Qxb7 37. Qa4 Nc6 38. Bd6 Ne5 39. h3 Nc4 40. Rc1
Nxd6 0-1

[Event "VI Open A Carnevale"]
[Site "Viareggio ITA"]
[Date "2001.02.??"]
[Round "1"]
[White "Scalcione, Michelangelo"]
[Black "Ferrini, Maurizio"]
[Result "1-0"]
[WhiteElo "2177"]
[BlackElo "1624"]
[PlyCount "67"]
[EventDate "2001.02.16"]

1. Nf3 Nf6 2. c4 d5 3. cxd5 Nxd5 4. e4 Nf6 5. Nc3 e5 6. Nxe5 Qd4 7. Nf3 Qb6 8.
e5 Qe6 9. d4 Nd5 10. Bc4 Bb4 11. Qb3 c6 12. O-O Bxc3 13. bxc3 O-O 14. Ng5 Qd7
15. Ba3 Rd8 16. Bd6 h6 17. Ne4 Nb6 18. Nc5 Qf5 19. Bd3 Qg5 20. f4 Qg4 21. Rf3
Be6 22. c4 Qh5 23. Nxe6 fxe6 24. c5 Nd5 25. Qxb7 Nd7 26. f5 Nf8 27. f6 Qf7 28.
Qxf7+ Kxf7 29. fxg7+ Kxg7 30. Rg3+ Kh8 31. Rf1 Nh7 32. Bxh7 Kxh7 33. Rf7+ Kh8
34. Rgg7 1-0

[Event "VI Open A Carnevale"]
[Site "Viareggio ITA"]
[Date "2001.02.??"]
[Round "1"]
[White "Vismara, Daniele"]
[Black "Tornaboni, Claudio"]
[Result "1-0"]
[WhiteElo "2231"]
[BlackElo "1684"]
[PlyCount "126"]
[EventDate "2001.02.16"]

1. Nf3 d5 2. d4 c6 3. c4 e6 4. e3 f5 5. Bd3 Nf6 6. O-O Bd6 7. b3 Qe7 8. a4 O-O
9. Ba3 Bxa3 10. Nxa3 Ne4 11. Ne5 Nd7 12. Nxd7 Bxd7 13. f3 Nf6 14. f4 Ng4 15.
Qe1 a5 16. h3 Nf6 17. c5 Rfb8 18. Qc3 Ne4 19. Bxe4 fxe4 20. Nc2 Qh4 21. Kh2 Rf8
22. Qe1 Qh6 23. b4 Rf5 24. bxa5 Rh5 25. Qg3 Rf5 26. Rfb1 Bc8 27. a6 Rxa6 28. a5
Rf7 29. Nb4 Ra8 30. a6 bxa6 31. Nxc6 Qf6 32. Rb6 Rb7 33. Qg5 Qxg5 34. fxg5 Rxb6
35. cxb6 Bb7 36. Na5 h6 37. Nxb7 Rb8 38. Nc5 Rxb6 39. Rxa6 Rb1 40. gxh6 gxh6
41. Rxe6 Rc1 42. Nxe4 dxe4 43. Rxe4 Kf7 44. Kg3 Kf6 45. Re5 Re1 46. Kf2 Rb1 47.
e4 Rb2+ 48. Kf3 Rb3+ 49. Kf4 Rb2 50. Ra5 Rd2 51. Ra6+ Kg7 52. g4 Rf2+ 53. Ke5
Rf3 54. d5 Rxh3 55. d6 Kf7 56. Ra7+ Kf8 57. Ke6 Rb3 58. Ra8+ Kg7 59. d7 Rb6+
60. Ke5 Rb5+ 61. Kf4 Rb1 62. d8=Q Rf1+ 63. Kg3 Rf7 1-0